|
|
|
|
| LEADER |
00000cam a2200000 7i4500 |
| 001 |
0000000613 |
| 005 |
20030305.0 |
| 020 |
0 |
0 |
|a 9678903091
|
| 090 |
0 |
0 |
|a R342.5950684
|b MAL 1994
|
| 110 |
1 |
0 |
|a MALAYSIA
|
| 245 |
1 |
0 |
|a Akta Rahsia Rasmi, 1972 (Akta 88) :
|b (together with) Official Secrets Act, 1972 (Act 88) (hingga 20 Julai 1994)
|c disusun oleh Lembaga Penyelidikan Undang-Undang
|
| 260 |
0 |
0 |
|a Kuala Lumpur :
|b International Law Book Services ,
|c 1994
|
| 300 |
|
|
|a ii, 59 p. ;
|c 25 cm.
|
| 440 |
0 |
0 |
|a Undang-undang Malaysia
|
| 650 |
0 |
0 |
|a Official secrets
|z Malaysia
|
| 745 |
0 |
0 |
|a Malaysia
|x Official Secrets Act, 1972
|
| 998 |
|
|
|a JPSM
|
| 999 |
|
|
|a 0000000380
|b Monograph
|c Reference
|e Default branch
|